000 005030000a22001810004500
003 MACL
005 20160324125919.0
008 160324b xxu||||| |||| 00| 0 eng d
040 _aMACL
_cMACL
041 _aHindi
082 _a294
100 _aरमेश चतुर्वेदी
_948243
245 _aकृष्‍ण एक पहेली
260 _aजयपुर
_bहंसा प्रकाशन
_c2010
350 _a200
650 _aReligion
_948244
942 _cHIN
_k294
_2ddc
999 _c48940
_d48940